Effective presentations. Teachers book

Gespeichert in:
Bibliographische Detailangaben
1. Verfasser: Comfort, Jeremy (Verfasst von)
Format: Buch
Sprache:Englisch
Veröffentlicht: Oxford : Oxford University Press, 1995
Tags: Tag hinzufügen
Keine Tags, Fügen Sie das erste Tag hinzu!

MARC

LEADER 00000nam a22000003a 4500
001 stu49402
005 20150617225708.4
008 990408s1995------------------------eng-d
020 |a 0-19-457089-4 
040 |a STU  |b slo 
041 0 |a eng 
080 |a 802.0-086.6 
080 |a 001.818=20 
100 1 |a Comfort, Jeremy  |4 aut 
245 1 |a Effective presentations. Teachers book 
260 |a Oxford :  |b Oxford University Press,  |c 1995 
300 |a 48 s 
996 |b 284EK82636  |c E*82636  |l EELSDV  |s P  |a 0  |w stu49402_0001 
996 |b C96161  |c C*96161  |l CCXVII  |s P  |a 0  |w stu49402_0002